| LEADER | 03998nim a2200853 i 4500 | ||
|---|---|---|---|
| 001 | 313425 | ||
| 003 | CZ PrSKC | ||
| 005 | 20260601215742.0 | ||
| 007 | sd fungnnmmned | ||
| 008 | 250715s2025 xr nnnnj h n cze | ||
| 015 | |a cnb003696096 | ||
| 020 | |a 9788000078076 : |c Kč 269,00 | ||
| 040 | |a ABA001 |b cze |e rda | ||
| 072 | 7 | |a 821.162.3-3 |x Česká próza |2 Konspekt | |
| 072 | 7 | |a 821-93 |x Literatura pro děti a mládež (beletrie) |2 Konspekt | |
| 080 | |a 821.162.3-32 |2 MRF | ||
| 080 | |a (0:82-32) |2 MRF | ||
| 080 | |a (086.7.053.2) |2 MRF | ||
| 080 | |a (086.7)08 |2 MRF | ||
| 080 | |a (086.76) |2 MRF | ||
| 100 | 1 | |a Peroutková, Ivana, |d 1960- |7 jn20000401963 |4 aut | |
| 245 | 1 | 0 | |a Anička a divadlo / |c Ivana Peroutková |
| 264 | 1 | |a Praha : |b Albatros, |c 2025 | |
| 300 | |a 1 audiodisk (2 hod., 33 min.) ; |c 12 cm | ||
| 306 | |a 023300 | ||
| 336 | |a mluvené slovo |b spw |2 rdacontent | ||
| 337 | |a audio |b s |2 rdamedia | ||
| 338 | |a audiodisk |b sd |2 rdacarrier | ||
| 344 | |a digital |b optical |2 rda | ||
| 347 | |a audio soubor |b MP3 |2 rda | ||
| 500 | |a Název z disku | ||
| 500 | |a Vydalo nakladatelství Albatros ve společnosti Albatros Media a.s. | ||
| 500 | |a Podle stejnojmenné knihy vydané nakladatelstvím Albatros v roce 2015 | ||
| 500 | |a Nezkrácená audiokniha ve formátu MP3 | ||
| 508 | |a Režie, Jindřiška Nováková | ||
| 511 | 0 | |a Čte Martha Issová | |
| 518 | |o Nahráno |d 2025 |p studio Karpofon (AudioStory) | ||
| 521 | 8 | |a Pro posluchače od 7 let | |
| 655 | 7 | |a české příběhy |7 fd133973 |2 czenas | |
| 655 | 7 | |a zvukové záznamy pro děti a mládež |7 fd186726 |2 czenas | |
| 655 | 7 | |a audioknihy |7 fd119452 |2 czenas | |
| 655 | 7 | |a kompaktní disky |7 fd201991 |2 czenas | |
| 655 | 9 | |a Czech stories |2 eczenas | |
| 655 | 9 | |a juvenile sound recordings |2 eczenas | |
| 655 | 9 | |a audiobooks |2 eczenas | |
| 655 | 9 | |a compact discs |2 eczenas | |
| 700 | 1 | |a Nováková, Jindřiška, |d 1954- |7 jn20010601354 |4 drt | |
| 700 | 1 | |a Issová, Martha, |d 1981- |7 js20051128007 |4 nrt | |
| 787 | 0 | 8 | |i Z cyklu: |t Anička |g 8 |
| 900 | |a ABA001 |b 20 | ||
| 044 | |a xr | ||
| 505 | 0 | 0 | |t 01_Jak to vlastne zacalo s loutkovym divadlem (6 min., 55 sek.) |
| 505 | 0 | 0 | |t 02_Anicka, Stepanek a dulezity rozhovor s Tarkem (7 min., 14 sek.) |
| 505 | 0 | 0 | |t 03_V malem kramku kde se stane maly zazrak (7 min., 36 sek.) |
| 505 | 0 | 0 | |t 04_Co se Anicka dozvedela od Tarka (5 min., 1 sek.) |
| 505 | 0 | 0 | |t 05_Navsteva v podivuhodnem dome pana Kabana (11 min., 38 sek.) |
| 505 | 0 | 0 | |t 06_Vecerni koupani, pri kterem Anicka opet lituje, ze si Stepanek nebude nic pamatovat (5 min., 0 sek.) |
| 505 | 0 | 0 | |t 07_Anicka vymysli vystoupeni s loutkou baletky (5 min., 53 sek.) |
| 505 | 0 | 0 | |t 08_Dalsi clen divadla, blazinec v Tarkove pokojicku a jeste blaznivejsi nazev divadla (7 min., 5 sek.) |
| 505 | 0 | 0 | |t 09_Prvni zkouska v divadelnim sale (9 min., 8 sek.) |
| 505 | 0 | 0 | |t 10_Vesele pohosteni, kvuli kteremu Anicka dokonce promeska Stepankovo koupani (7 min., 44 sek.) |
| 505 | 0 | 0 | |t 11_Anicka kresli a pise pozvanky (7 min., 14 sek.) |
| 505 | 0 | 0 | |t 12_Proc Anicka malem zapomnela na Stepanka (7 min., 11 sek.) |
| 505 | 0 | 0 | |t 13_Aniccina pozvanka zpusobi rozruch ve tride a znovu to slovo tajemstvi (7 min., 46 sek.) |
| 505 | 0 | 0 | |t 14_Posledni zkouska (10 min., 0 sek.) |
| 505 | 0 | 0 | |t 15_Zacatek Aniccina podivuhodneho snu (7 min., 12 sek.) |
| 505 | 0 | 0 | |t 16_Aniccin sen pokracuje (8 min., 2 sek.) |
| 505 | 0 | 0 | |t 17_Konec Aniccina snu (6 min., 42 sek.) |
| 505 | 0 | 0 | |t 18_Slavnostni nedele (10 min., 8 sek.) |
| 505 | 0 | 0 | |t 19_Co zachranil Tarkuv Kasparek behem predstaveni (7 min., 25 sek.) |
| 505 | 0 | 0 | |t 20_Gratulace a udalost ve vezicce (7 min., 32 sek.) |
| 910 | |a RBIT002 | ||
| 998 | |d 420420 |a https://core.palmknihy.cz/api/books/420420/cover?sw8xzr |b https://core.palmknihy.cz/api/books/420420/cover/400?sw8xzr |c https://core.palmknihy.cz/api/books/420420/cover/50?sw8xzr |e 2033-12-31 |i 9788000078076 |l 9180 |q 49 |r 1 |s https://www.palmknihy.cz/kniha/420420 |t audiobook |y 2025 |z 0 |v Anička |w 8 | ||
| 999 | |d 313423 | ||